[Event "Quebec-ch qual."]
[Site "Gatineau CAN"]
[Date "2009.03.31"]
[Round "4"]
[White "Laurin, Jacques"]
[Black "Jani, Louis"]
[Result "0-1"]
[WhiteElo "1826"]
[BlackElo "1411"]
[PlyCount "56"]
[GameId "2160767910239841"]
[EventDate "2009.03.10"]
[EventType "swiss"]
[EventRounds "5"]
[EventCountry "CAN"]
[SourceTitle "EXT 2010"]
[Source "ChessBase"]
[SourceDate "2009.11.30"]
[SourceVersion "1"]
[SourceVersionDate "2009.11.30"]
[SourceQuality "1"]

1. c4 c5 2. g3 Nc6 3. Bg2 e6 4. Nc3 Nf6 5. e3 d5 6. cxd5 Nxd5 7. Nge2 a6 8. O-O Be7 9. Qa4 Qd7 10. Qg4 Nxc3 11. bxc3 O-O 12. Rb1 Ra7 13. d4 Qd6 14. Ba3 e5 15. Qh5 g6 16. Qf3 Bf5 17. e4 Bd7 18. Bxc5 Qb8 19. Bxa7 Qxa7 20. d5 Na5 21. Qd3 Bb5 22. Rxb5 axb5 23. Qxb5 b6 24. Rd1 Bc5 25. Bh3 Rd8 26. Nc1 Nb7 27. Qc6 Nd6 28. Bg2 Rc8 0-1

[Event "Quebec-ch qual."]
[Site "Gatineau CAN"]
[Date "2009.03.31"]
[Round "4"]
[White "Lavergne, Daniel"]
[Black "Beriault, Silvain"]
[Result "0-1"]
[WhiteElo "1614"]
[BlackElo "1694"]
[PlyCount "50"]
[GameId "2160767910239842"]
[EventDate "2009.03.10"]
[EventType "swiss"]
[EventRounds "5"]
[EventCountry "CAN"]
[SourceTitle "EXT 2010"]
[Source "ChessBase"]
[SourceDate "2009.11.30"]
[SourceVersion "1"]
[SourceVersionDate "2009.11.30"]
[SourceQuality "1"]

1. e4 g6 2. d4 d6 3. f4 Bg7 4. Nf3 Nf6 5. Nbd2 O-O 6. h3 Nbd7 7. Bc4 h6 8. f5 gxf5 9. exf5 c5 10. Qe2 d5 11. Bb5 a6 12. Bxd7 Bxd7 13. g4 Re8 14. Nf1 Qb6 15. Ng3 cxd4 16. Bxh6 Bxh6 17. g5 Bg7 18. gxf6 exf6 19. Rg1 Rxe2+ 20. Kxe2 Re8+ 21. Kd1 Qxb2 22. Rc1 Bb5 23. a4 Qc3 24. Nd2 Bc4 25. h4 Qe3 0-1

[Event "Quebec-ch qual."]
[Site "Gatineau CAN"]
[Date "2009.03.31"]
[Round "4"]
[White "Libersan, Mattieu"]
[Black "Scantland, Patrick"]
[Result "1-0"]
[WhiteElo "1728"]
[BlackElo "1846"]
[PlyCount "61"]
[GameId "2160767910239843"]
[EventDate "2009.03.10"]
[EventType "swiss"]
[EventRounds "5"]
[EventCountry "CAN"]
[SourceTitle "EXT 2010"]
[Source "ChessBase"]
[SourceDate "2009.11.30"]
[SourceVersion "1"]
[SourceVersionDate "2009.11.30"]
[SourceQuality "1"]

1. e4 c5 2. Nf3 d6 3. d4 cxd4 4. Nxd4 Nf6 5. Nc3 a6 6. Bc4 e6 7. O-O Be7 8. f4 O-O 9. f5 d5 10. exd5 exd5 11. Bb3 b5 12. Bg5 Qb6 13. Kh1 Bb7 14. Re1 Bb4 15. Bxf6 Bxc3 16. Bxg7 Kxg7 17. Qg4+ Kh8 18. bxc3 Qf6 19. Rad1 Nd7 20. Re3 Nc5 21. Qf4 Ne4 22. Rh3 Rg8 23. Ne2 Rg4 24. Qf3 Rag8 25. Bxd5 Bxd5 26. Rxd5 Qg5 27. g3 Nd2 28. Qd3 Ne4 29. Qd4+ f6 30. Qa7 Nxc3 31. Qxh7# 1-0

[Event "Quebec-ch qual."]
[Site "Gatineau CAN"]
[Date "2009.03.31"]
[Round "4"]
[White "Menard, Marc"]
[Black "Levesque, Andre"]
[Result "0-1"]
[WhiteElo "1542"]
[BlackElo "1263"]
[PlyCount "62"]
[GameId "2160767910239844"]
[EventDate "2009.03.10"]
[EventType "swiss"]
[EventRounds "5"]
[EventCountry "CAN"]
[SourceTitle "EXT 2010"]
[Source "ChessBase"]
[SourceDate "2009.11.30"]
[SourceVersion "1"]
[SourceVersionDate "2009.11.30"]
[SourceQuality "1"]

1. e4 c5 2. Nf3 Nc6 3. d4 cxd4 4. Nxd4 g6 5. Nc3 Bg7 6. Be3 Nf6 7. Be2 O-O 8. Qd2 d6 9. f3 a6 10. O-O-O Bd7 11. Bh6 Nxd4 12. Kb1 Nxe2 13. Nxe2 Rc8 14. e5 dxe5 15. g4 Qc7 16. Bxg7 Kxg7 17. g5 Ng8 18. Rhe1 Bf5 19. Nc3 Rfd8 20. Qe3 Rxd1+ 21. Rxd1 e6 22. Re1 Ne7 23. Qxe5+ Qxe5 24. Rxe5 Nc6 25. Re2 Nd4 26. Rf2 b5 27. a3 a5 28. h4 b4 29. axb4 axb4 30. Ne4 b3 31. c3 Nxf3 0-1

[Event "Quebec-ch qual."]
[Site "Gatineau CAN"]
[Date "2009.03.31"]
[Round "4"]
[White "Thibault, Mario"]
[Black "Desjardins, Michel"]
[Result "0-1"]
[WhiteElo "1660"]
[BlackElo "1989"]
[PlyCount "58"]
[GameId "2160767910239845"]
[EventDate "2009.03.10"]
[EventType "swiss"]
[EventRounds "5"]
[EventCountry "CAN"]
[SourceTitle "EXT 2010"]
[Source "ChessBase"]
[SourceDate "2009.11.30"]
[SourceVersion "1"]
[SourceVersionDate "2009.11.30"]
[SourceQuality "1"]

1. e4 d5 2. exd5 Qxd5 3. Nc3 Qd6 4. g3 Nf6 5. Bg2 Bg4 6. Nge2 Nc6 7. O-O Qd7 8. d3 O-O-O 9. Be3 e5 10. f3 Bh3 11. Ne4 Nd5 12. Bf2 Bxg2 13. Kxg2 f5 14. Nc5 Bxc5 15. Bxc5 h5 16. c4 Nf6 17. Nc1 h4 18. b4 b6 19. b5 Na5 20. Qa4 Kb8 21. Nb3 Nb7 22. Bf2 hxg3 23. hxg3 f4 24. Rh1 fxg3 25. Na5 Nxa5 26. Bxb6 cxb6 27. c5 Qxd3 28. Rxh8 Rxh8 29. Rd1 Qe2+ 0-1

[Event "Quebec-ch qual."]
[Site "Gatineau CAN"]
[Date "2009.04.07"]
[Round "5"]
[White "Baril Boudreau, Felix"]
[Black "Arsenault, Michel"]
[Result "1-0"]
[WhiteElo "1508"]
[BlackElo "1978"]
[PlyCount "87"]
[GameId "2160767910239847"]
[EventDate "2009.03.10"]
[EventType "swiss"]
[EventRounds "5"]
[EventCountry "CAN"]
[SourceTitle "EXT 2010"]
[Source "ChessBase"]
[SourceDate "2009.11.30"]
[SourceVersion "1"]
[SourceVersionDate "2009.11.30"]
[SourceQuality "1"]

1. d4 Nf6 2. Nc3 g6 3. e4 d6 4. Be2 c6 5. g4 Nfd7 6. Be3 Bg7 7. Qd2 Qc7 8. f4 a6 9. f5 gxf5 10. gxf5 b5 11. Nh3 Nb6 12. Rg1 Bf6 13. a3 N8d7 14. O-O-O Bb7 15. Bg5 O-O-O 16. Bxf6 Nxf6 17. Qh6 c5 18. Ng5 b4 19. Nd5 Nbxd5 20. exd5 bxa3 21. bxa3 Qa5 22. Nxf7 Qxa3+ 23. Kd2 Ne4+ 24. Ke1 Rhg8 25. Rxg8 Rxg8 26. Qe6+ Kb8 27. Qxe4 Bxd5 28. Qxd5 Qe3 29. Qb3+ Qxb3 30. cxb3 Rg2 31. Kf1 Rxh2 32. dxc5 dxc5 33. Bxa6 Rh1+ 34. Ke2 Rxd1 35. Kxd1 Kc7 36. Kd2 Kc6 37. Kd3 h5 38. Ke4 h4 39. Bc4 Kb6 40. Kf4 Ka5 41. Kg4 Kb4 42. Kxh4 Kc3 43. Kg4 Kd2 44. Kf4 1-0

[Event "Quebec-ch qual."]
[Site "Gatineau CAN"]
[Date "2009.04.07"]
[Round "5"]
[White "Beland, Guy"]
[Black "Rainey, Ivan"]
[Result "0-1"]
[WhiteElo "1319"]
[BlackElo "1403"]
[PlyCount "96"]
[GameId "2160767910239848"]
[EventDate "2009.03.10"]
[EventType "swiss"]
[EventRounds "5"]
[EventCountry "CAN"]
[SourceTitle "EXT 2010"]
[Source "ChessBase"]
[SourceDate "2009.11.30"]
[SourceVersion "1"]
[SourceVersionDate "2009.11.30"]
[SourceQuality "1"]

1. e4 e6 2. d4 d5 3. exd5 exd5 4. Nc3 Nc6 5. Nf3 Nf6 6. Bb5 Bd6 7. O-O O-O 8. Bg5 h6 9. Bh4 Be7 10. Bxc6 bxc6 11. Ne5 Qd6 12. Re1 Re8 13. Bg3 Qd8 14. Nxc6 Qd7 15. Ne5 Qf5 16. Re3 Bb7 17. Qe2 Bd6 18. Re1 Re7 19. Nb5 Bb4 20. c3 Ba5 21. h3 Ne4 22. Bh2 Qf6 23. Rf3 Qe6 24. g4 Ba6 25. b4 Bb6 26. a4 c6 27. a5 Bxb5 28. Nd3 Bc7 29. Bxc7 Rxc7 30. Qe3 Re7 31. Nf4 Qd6 32. Nh5 Rae8 33. Qc1 Nxf2 34. Rxe7 Rxe7 35. Rxf2 Qg6 36. Nf4 Qe4 37. Qd2 g6 38. Ng2 g5 39. h4 Qxg4 40. Rf6 gxh4 41. Rxh6 h3 42. Rh4 Qxg2+ 43. Qxg2+ hxg2 44. Kxg2 Re3 45. Rg4+ Kf8 46. Rg3 Rxg3+ 47. Kxg3 Kg7 48. Kf4 Kg6 0-1

[Event "Quebec-ch qual."]
[Site "Gatineau CAN"]
[Date "2009.04.07"]
[Round "5"]
[White "Carrier, Claude"]
[Black "Gagnon, Fabien"]
[Result "1/2-1/2"]
[WhiteElo "1938"]
[BlackElo "1938"]
[PlyCount "112"]
[GameId "2160767910239850"]
[EventDate "2009.03.10"]
[EventType "swiss"]
[EventRounds "5"]
[EventCountry "CAN"]
[SourceTitle "EXT 2010"]
[Source "ChessBase"]
[SourceDate "2009.11.30"]
[SourceVersion "1"]
[SourceVersionDate "2009.11.30"]
[SourceQuality "1"]

1. e4 c5 2. Nf3 Nc6 3. d4 cxd4 4. Nxd4 g6 5. Nc3 Bg7 6. Be3 Nf6 7. Bc4 Qa5 8. O-O O-O 9. h3 Qb4 10. Bb3 Nxe4 11. Nd5 Qa5 12. Nxc6 dxc6 13. Nxe7+ Kh8 14. Nxc8 Raxc8 15. c3 Rcd8 16. Qc2 Nf6 17. Rad1 Nd5 18. Bxd5 Rxd5 19. b4 Qa3 20. Rxd5 cxd5 21. Rc1 Rc8 22. Bd2 Qa6 23. Be1 Re8 24. Qd2 Qc4 25. Rc2 Rc8 26. Qe3 d4 27. Qe4 dxc3 28. Qxb7 Re8 29. Rc1 Qf4 30. Qc6 Rd8 31. Rd1 Rb8 32. Bxc3 Bxc3 33. Qxc3+ Kg8 34. Rd4 Qf5 35. Qc7 Qb1+ 36. Kh2 Rxb4 37. Qc8+ Kg7 38. Qc3 Rxd4 39. Qxd4+ Kg8 40. Qxa7 h5 41. h4 Qb2 42. g3 Qe5 43. Qe3 Qb5 44. Qd4 Qa5 45. a4 g5 46. hxg5 Qxg5 47. Qb6 h4 48. Qb8+ Kh7 49. Qf4 hxg3+ 50. fxg3 Qd5 51. a5 Qxa5 52. Qxf7+ Kh6 53. Qf6+ Kh7 54. Kh3 Qh5+ 55. Kg2 Qe2+ 56. Kg1 Qe1+ 1/2-1/2

[Event "Quebec-ch qual."]
[Site "Gatineau CAN"]
[Date "2009.04.07"]
[Round "5"]
[White "Danilov, Alex"]
[Black "Brousseau, Yvan"]
[Result "0-1"]
[WhiteElo "1905"]
[BlackElo "1998"]
[PlyCount "88"]
[GameId "2160767910239851"]
[EventDate "2009.03.10"]
[EventType "swiss"]
[EventRounds "5"]
[EventCountry "CAN"]
[SourceTitle "EXT 2010"]
[Source "ChessBase"]
[SourceDate "2009.11.30"]
[SourceVersion "1"]
[SourceVersionDate "2009.11.30"]
[SourceQuality "1"]

1. c4 c6 2. Nf3 d5 3. e3 Nf6 4. d4 Bg4 5. Qb3 Qc7 6. Nbd2 e6 7. Ne5 Bh5 8. Ndf3 Nbd7 9. Nxd7 Nxd7 10. Bd2 Be7 11. Rc1 dxc4 12. Bxc4 O-O 13. Be2 Qb6 14. Qc2 Bg6 15. e4 Rac8 16. O-O c5 17. Qa4 Nf6 18. dxc5 Bxc5 19. b4 Be7 20. a3 Rxc1 21. Rxc1 Ng4 22. Rf1 Bxe4 23. h3 Bc6 24. Qc2 Nf6 25. Be3 Qd8 26. Bxa7 Qa8 27. Bd4 Qxa3 28. Ne5 Be4 29. Qc7 Qxb4 30. Rd1 Nd5 31. Qc1 Rd8 32. Bh5 Bg6 33. Bf3 Nf6 34. Qa1 Be4 35. Be2 Qa3 36. Qxa3 Bxa3 37. Ra1 Rxd4 38. Rxa3 Rd8 39. Ra7 g6 40. f3 Bd5 41. Bb5 Ne8 42. Nd7 Nd6 43. Nf6+ Kg7 44. Nxd5 Nxb5 0-1

[Event "Quebec-ch qual."]
[Site "Gatineau CAN"]
[Date "2009.04.07"]
[Round "5"]
[White "Desjardins, Michel"]
[Black "Beriault, Silvain"]
[Result "1-0"]
[WhiteElo "1989"]
[BlackElo "1694"]
[PlyCount "45"]
[GameId "2160767910239852"]
[EventDate "2009.03.10"]
[EventType "swiss"]
[EventRounds "5"]
[EventCountry "CAN"]
[SourceTitle "EXT 2010"]
[Source "ChessBase"]
[SourceDate "2009.11.30"]
[SourceVersion "1"]
[SourceVersionDate "2009.11.30"]
[SourceQuality "1"]

1. e4 c5 2. Nc3 d6 3. g3 g6 4. Bg2 Bg7 5. d3 Nc6 6. Be3 e6 7. Qd2 Nge7 8. Bh6 O-O 9. Bxg7 Kxg7 10. h4 Qb6 11. O-O-O h6 12. f4 e5 13. h5 Bg4 14. Bf3 Bxf3 15. Nxf3 Nd4 16. Rdf1 Nxf3 17. Rxf3 exf4 18. Qxf4 Ng8 19. Rhf1 Qd8 20. Nb5 Qd7 21. Qxd6 Qxb5 22. Rxf7+ Rxf7 23. Qxg6+ 1-0

[Event "Quebec-ch qual."]
[Site "Gatineau CAN"]
[Date "2009.04.07"]
[Round "5"]
[White "Duret, Serge"]
[Black "Berthiaume, Serge"]
[Result "0-1"]
[WhiteElo "1015"]
[BlackElo "1299"]
[PlyCount "62"]
[GameId "2160767910239853"]
[EventDate "2009.03.10"]
[EventType "swiss"]
[EventRounds "5"]
[EventCountry "CAN"]
[SourceTitle "EXT 2010"]
[Source "ChessBase"]
[SourceDate "2009.11.30"]
[SourceVersion "1"]
[SourceVersionDate "2009.11.30"]
[SourceQuality "1"]

1. e4 e6 2. d4 d5 3. e5 c5 4. c3 Nc6 5. Nf3 Bd7 6. Be2 f6 7. Be3 Qb6 8. b3 cxd4 9. cxd4 fxe5 10. Nxe5 Nxe5 11. dxe5 Qb4+ 12. Qd2 Qe4 13. O-O Qxe5 14. Bd4 Qc7 15. Rc1 Bc6 16. Bh5+ Kd7 17. Qg5 Nf6 18. Bxf6 gxf6 19. Qxf6 Be7 20. Qh6 Raf8 21. Bg4 Rf6 22. Qg7 Rhf8 23. f3 Qb6+ 24. Kh1 R8f7 25. Qg8 Bf8 26. Re1 Ke7 27. Qg5 Qd4 28. Bxe6 Qxa1 29. Bxf7+ Kxf7 30. Qh5+ Kg7 31. Qg5+ Kh8 0-1

[Event "Quebec-ch qual."]
[Site "Gatineau CAN"]
[Date "2009.04.07"]
[Round "5"]
[White "Groleau, Gilles"]
[Black "Libersan, Mattieu"]
[Result "0-1"]
[WhiteElo "1907"]
[BlackElo "1846"]
[PlyCount "106"]
[GameId "2160767910239854"]
[EventDate "2009.03.10"]
[EventType "swiss"]
[EventRounds "5"]
[EventCountry "CAN"]
[SourceTitle "EXT 2010"]
[Source "ChessBase"]
[SourceDate "2009.11.30"]
[SourceVersion "1"]
[SourceVersionDate "2009.11.30"]
[SourceQuality "1"]

1. e4 e5 2. Nf3 f5 3. d3 Nc6 4. Nc3 Nf6 5. Be2 Bb4 6. Bg5 O-O 7. O-O Bxc3 8. bxc3 d6 9. Rb1 b6 10. exf5 Bxf5 11. d4 e4 12. Bc4+ d5 13. Nh4 Be6 14. Bb5 Ne7 15. g3 c6 16. Be2 Bh3 17. Ng2 Qd7 18. f3 exf3 19. Bxf3 Ne4 20. Bxe4 dxe4 21. Bxe7 Qxe7 22. Qe2 Rae8 23. Rxf8+ Rxf8 24. Nf4 Bf5 25. Qc4+ Qf7 26. Qxf7+ Rxf7 27. Re1 Rd7 28. Re3 g5 29. Ne2 Kg7 30. Kg2 h6 31. h3 Be6 32. a3 Bd5 33. g4 Rf7 34. Ng3 Rf4 35. Nh5+ Kg6 36. Nxf4+ gxf4 37. Re1 e3+ 38. Kh2 Kg5 39. Re2 Bc4 40. Re1 f3 41. Rxe3 f2 42. Re5+ Kg6 43. Rf5 f1=Q 44. Rxf1 Bxf1 45. Kg3 Be2 46. Kf4 Bd1 47. h4 Bxc2 48. Ke5 b5 49. d5 cxd5 50. Kxd5 Bd1 51. g5 hxg5 52. hxg5 Kxg5 53. c4 Bb3 0-1

[Event "Quebec-ch qual."]
[Site "Gatineau CAN"]
[Date "2009.04.07"]
[Round "5"]
[White "Guimond, Michel"]
[Black "Jani, Louis"]
[Result "1-0"]
[WhiteElo "1899"]
[BlackElo "1411"]
[PlyCount "65"]
[GameId "2160767910239855"]
[EventDate "2009.03.10"]
[EventType "swiss"]
[EventRounds "5"]
[EventCountry "CAN"]
[SourceTitle "EXT 2010"]
[Source "ChessBase"]
[SourceDate "2009.11.30"]
[SourceVersion "1"]
[SourceVersionDate "2009.11.30"]
[SourceQuality "1"]

1. e4 c5 2. Nf3 Nc6 3. d4 cxd4 4. Nxd4 e6 5. Be3 d6 6. a3 Nf6 7. Nc3 Be7 8. Bc4 O-O 9. f3 a6 10. Ba2 Qc7 11. Qe2 Re8 12. O-O Bd7 13. f4 Nxd4 14. Bxd4 e5 15. fxe5 dxe5 16. Rxf6 Bxf6 17. Nd5 Qd6 18. Be3 Be6 19. Rd1 Bxd5 20. Bxd5 Qc7 21. Rf1 Rad8 22. c4 Rf8 23. h4 Rd7 24. h5 h6 25. Kh1 Qd8 26. Qg4 Bg5 27. Bxg5 hxg5 28. Rf5 Kh7 29. Rxg5 f6 30. Rf5 Qe7 31. Qg6+ Kh8 32. h6 Qe8 33. hxg7+ 1-0

[Event "Quebec-ch qual."]
[Site "Gatineau CAN"]
[Date "2009.04.07"]
[Round "5"]
[White "Labelle, Raymond"]
[Black "Lavergne, Daniel"]
[Result "0-1"]
[WhiteElo "1359"]
[BlackElo "1615"]
[PlyCount "56"]
[GameId "2160767910239856"]
[EventDate "2009.03.10"]
[EventType "swiss"]
[EventRounds "5"]
[EventCountry "CAN"]
[SourceTitle "EXT 2010"]
[Source "ChessBase"]
[SourceDate "2009.11.30"]
[SourceVersion "1"]
[SourceVersionDate "2009.11.30"]
[SourceQuality "1"]

1. e4 c5 2. Nf3 d6 3. d4 cxd4 4. Nxd4 Nf6 5. Nc3 g6 6. Be2 Bg7 7. Be3 O-O 8. O-O Nbd7 9. f4 a6 10. f5 Ne5 11. fxg6 hxg6 12. Nf3 Neg4 13. Bg5 Qb6+ 14. Qd4 Qxd4+ 15. Nxd4 Nxe4 16. Rad1 Nxg5 17. Nd5 Bf6 18. h3 Bxd4+ 19. Rxd4 Nh6 20. Nxe7+ Kg7 21. Rxd6 Re8 22. Nxc8 Rxe2 23. Nb6 Rae8 24. Rc1 Nf5 25. Rd7 Ne3 26. h4 Rxg2+ 27. Kh1 Nf3 28. Rxb7 Rh2# 0-1

[Event "Quebec-ch qual."]
[Site "Gatineau CAN"]
[Date "2009.04.07"]
[Round "5"]
[White "Lacourse, Guy"]
[Black "Levesque, Andre"]
[Result "1-0"]
[WhiteElo "1606"]
[BlackElo "1263"]
[PlyCount "51"]
[GameId "2160767910239857"]
[EventDate "2009.03.10"]
[EventType "swiss"]
[EventRounds "5"]
[EventCountry "CAN"]
[SourceTitle "EXT 2010"]
[Source "ChessBase"]
[SourceDate "2009.11.30"]
[SourceVersion "1"]
[SourceVersionDate "2009.11.30"]
[SourceQuality "1"]

1. d4 f5 2. e4 fxe4 3. Nc3 Nf6 4. Bg5 d5 5. Bxf6 exf6 6. Qh5+ g6 7. Qxd5 Qe7 8. Qxe4 Qxe4+ 9. Nxe4 Bg7 10. O-O-O O-O 11. Bc4+ Kh8 12. h4 Nc6 13. h5 gxh5 14. Ng3 f5 15. c3 Bh6+ 16. Kb1 Bf4 17. Nxh5 Bd6 18. f4 a6 19. Nf3 Ne7 20. Ng5 b5 21. Nf7+ Rxf7 22. Bxf7 Bb7 23. Rh2 Bd5 24. Nf6 Kg7 25. Bxd5 Kxf6 26. Bxa8 1-0

[Event "Quebec-ch qual."]
[Site "Gatineau CAN"]
[Date "2009.04.07"]
[Round "5"]
[White "MacIsaac, Alexandre"]
[Black "Thibault, Mario"]
[Result "1-0"]
[WhiteElo "1452"]
[BlackElo "1660"]
[PlyCount "101"]
[GameId "2160767910239858"]
[EventDate "2009.03.10"]
[EventType "swiss"]
[EventRounds "5"]
[EventCountry "CAN"]
[SourceTitle "EXT 2010"]
[Source "ChessBase"]
[SourceDate "2009.11.30"]
[SourceVersion "1"]
[SourceVersionDate "2009.11.30"]
[SourceQuality "1"]

1. e4 c5 2. Nf3 g6 3. d4 cxd4 4. Nxd4 Nc6 5. Nc3 Bg7 6. Be3 Nf6 7. Bc4 Qa5 8. f3 Qb4 9. Ndb5 O-O 10. Bb3 a6 11. a3 Qa5 12. Nd4 d6 13. Qd2 Bd7 14. O-O-O b5 15. Nxc6 Bxc6 16. Bh6 Bxh6 17. Qxh6 b4 18. axb4 Qxb4 19. h4 Rac8 20. h5 Bxe4 21. Nxe4 Qxb3 22. Nxf6+ exf6 23. Qd2 Qa2 24. c3 Rb8 25. Qc2 Rfc8 26. hxg6 hxg6 27. Rh6 Qa1+ 28. Kd2 Qxb2 29. Qxb2 Rxb2+ 30. Kd3 Rxg2 31. Rdh1 Rxc3+ 32. Kxc3 f5 33. Kd3 Kg7 34. Rh7+ Kg8 35. Rh8+ Kg7 36. Rd8 Ra2 37. Rxd6 Ra3+ 38. Ke2 a5 39. Ra6 Ra2+ 40. Ke3 Ra3+ 41. Kf2 Ra2+ 42. Kg3 g5 43. Rb1 f4+ 44. Kh3 Ra3 45. Kg2 Ra2+ 46. Kg1 Ra3 47. Rb5 f6 48. Kg2 Ra2+ 49. Kh3 g4+ 50. Kxg4 Kg6 51. Rg5+ 1-0

[Event "Quebec-ch qual."]
[Site "Gatineau CAN"]
[Date "2009.04.07"]
[Round "5"]
[White "Menard, Marc"]
[Black "Jiang, Qizhe"]
[Result "1/2-1/2"]
[WhiteElo "1542"]
[BlackElo "1022"]
[PlyCount "65"]
[GameId "2160767910239859"]
[EventDate "2009.03.10"]
[EventType "swiss"]
[EventRounds "5"]
[EventCountry "CAN"]
[SourceTitle "EXT 2010"]
[Source "ChessBase"]
[SourceDate "2009.11.30"]
[SourceVersion "1"]
[SourceVersionDate "2009.11.30"]
[SourceQuality "1"]

1. e4 c5 2. Nf3 d6 3. d4 cxd4 4. Nxd4 Nf6 5. Nc3 a6 6. Bg5 e6 7. Qd2 Nbd7 8. O-O-O Qc7 9. f4 Be7 10. Kb1 O-O 11. a4 b6 12. g3 Bb7 13. Bg2 Rfe8 14. Rhe1 d5 15. e5 Ng4 16. h3 Bxg5 17. hxg4 Be7 18. g5 g6 19. Nf3 Bb4 20. Nh2 b5 21. axb5 Bxc3 22. Qxc3 Qxc3 23. bxc3 axb5 24. Ng4 Rac8 25. Kb2 Rc7 26. Nf6+ Nxf6 27. gxf6 Rec8 28. Rd3 Ba6 29. Ra1 Rc6 30. Rd4 Rxc3 31. Rd2 R3c6 32. g4 h6 33. Ra5 1/2-1/2

[Event "Quebec-ch qual."]
[Site "Gatineau CAN"]
[Date "2009.04.07"]
[Round "5"]
[White "Pilon, Robert"]
[Black "Dagenais, Benoit"]
[Result "0-1"]
[WhiteElo "1464"]
[BlackElo "1250"]
[PlyCount "68"]
[GameId "2160767910239860"]
[EventDate "2009.03.10"]
[EventType "swiss"]
[EventRounds "5"]
[EventCountry "CAN"]
[SourceTitle "EXT 2010"]
[Source "ChessBase"]
[SourceDate "2009.11.30"]
[SourceVersion "1"]
[SourceVersionDate "2009.11.30"]
[SourceQuality "1"]

1. e4 Nf6 2. e5 Nd5 3. Bc4 Nb6 4. Bb3 d6 5. Qh5 g6 6. Qf3 e6 7. d4 Nc6 8. Qe3 Bg7 9. f4 dxe5 10. dxe5 O-O 11. Nf3 Ne7 12. Bd2 Nf5 13. Qf2 Bd7 14. Bb4 Re8 15. Nc3 a5 16. Bc5 a4 17. Bxb6 axb3 18. Bc5 bxa2 19. g4 Ne7 20. O-O b6 21. Ba3 c5 22. Rxa2 Bc6 23. b4 Rxa3 24. Rxa3 cxb4 25. Rd1 Qc7 26. Rb3 bxc3 27. Rxb6 Bxf3 28. Rdd6 Bxg4 29. Rb3 Bf5 30. Rdb6 Rd8 31. Rd6 Rxd6 32. exd6 Qxd6 33. Kg2 Be4+ 34. Kh3 Bd4 0-1

[Event "Quebec-ch qual."]
[Site "Gatineau CAN"]
[Date "2009.04.07"]
[Round "5"]
[White "Van Dusen, Eric"]
[Black "Arsenault, Yves"]
[Result "0-1"]
[WhiteElo "1858"]
[BlackElo "1386"]
[PlyCount "72"]
[GameId "2160767910239861"]
[EventDate "2009.03.10"]
[EventType "swiss"]
[EventRounds "5"]
[EventCountry "CAN"]
[SourceTitle "EXT 2010"]
[Source "ChessBase"]
[SourceDate "2009.11.30"]
[SourceVersion "1"]
[SourceVersionDate "2009.11.30"]
[SourceQuality "1"]

1. d4 e6 2. c4 Nf6 3. Nf3 b6 4. e3 Bb7 5. Bd3 Nc6 6. Nc3 Be7 7. d5 exd5 8. cxd5 Nb4 9. Bc4 O-O 10. a3 Na6 11. e4 Nc5 12. Qe2 a5 13. e5 Ne8 14. O-O d6 15. exd6 Nxd6 16. Ba2 Ba6 17. Qc2 Bxf1 18. Kxf1 Re8 19. Nd4 Bf6 20. Nc6 Qc8 21. Bb1 Qa6+ 22. Ne2 g6 23. Be3 Re4 24. Kg1 Rae8 25. Ng3 Rc4 26. Qd1 Bxb2 27. Ra2 Bf6 28. Bxc5 Rxc5 29. h3 Qc4 30. Rc2 Qxd5 31. Qxd5 Rxd5 32. Ba2 Rd1+ 33. Kh2 Be5 34. Nxe5 Rxe5 35. Rxc7 Rd2 36. Bb1 Re1 0-1

[Event "Quebec-ch qual."]
[Site "Montreal CAN"]
[Date "2009.05.29"]
[Round "1"]
[White "Bergeron, Rene"]
[Black "Gauthier, Denis"]
[Result "0-1"]
[WhiteElo "1876"]
[BlackElo "1876"]
[PlyCount "122"]
[GameId "2160767910156618"]
[EventDate "2009.05.29"]
[EventType "swiss"]
[EventRounds "5"]
[EventCountry "CAN"]
[SourceTitle "EXT 2011"]
[Source "ChessBase"]
[SourceDate "2011.11.26"]
[SourceVersion "1"]
[SourceVersionDate "2011.11.26"]
[SourceQuality "1"]

1. e4 c5 2. c3 Nf6 3. Bd3 Nc6 4. Nf3 d6 5. h3 g6 6. O-O Bg7 7. Bc2 O-O 8. d4 Qc7 9. Be3 cxd4 10. cxd4 Nb4 11. Nc3 Nxc2 12. Qxc2 b5 13. a3 Bb7 14. Qd3 a6 15. Rac1 Qd7 16. Rfd1 Rac8 17. Nd2 Rfd8 18. f4 e6 19. Bf2 Bc6 20. Bh4 Re8 21. Rf1 Qb7 22. b4 Ra8 23. Rfe1 a5 24. Nb3 axb4 25. axb4 Rec8 26. Na5 Rxa5 27. bxa5 b4 28. Bxf6 Bxf6 29. Ne2 Kg7 30. Ng3 Ra8 31. Ra1 Bb5 32. Qd2 Bc4 33. e5 Bh4 34. Re3 d5 35. Qb2 Bd8 36. Rea3 Qb5 37. Ra4 Rxa5 38. Rxa5 Bxa5 39. Nf1 b3 40. Nd2 Qb4 41. Nb1 h5 42. Kh2 h4 43. Ra3 Qe1 44. Ra1 Qg3+ 45. Kh1 Qe1+ 46. Kh2 Qb4 47. Ra3 Qe1 48. Ra1 Qe3 49. Kh1 Bb6 50. Qd2 Bxd4 51. Qxe3 Bxe3 52. Na3 Bxf4 53. Kg1 Bxe5 54. Rc1 Bd4+ 55. Kh2 Bb2 56. Rxc4 dxc4 57. Nxc4 Bd4 58. Nd2 b2 59. g3 Be5 60. Kg2 hxg3 61. Kf1 f5 0-1

[Event "Quebec-ch qual."]
[Site "Montreal CAN"]
[Date "2009.05.29"]
[Round "1"]
[White "Lalonde, Paul"]
[Black "Lemieux, Serge"]
[Result "1-0"]
[WhiteElo "2026"]
[BlackElo "1523"]
[PlyCount "69"]
[GameId "2160767910156620"]
[EventDate "2009.05.29"]
[EventType "swiss"]
[EventRounds "5"]
[EventCountry "CAN"]
[SourceTitle "EXT 2011"]
[Source "ChessBase"]
[SourceDate "2011.11.26"]
[SourceVersion "1"]
[SourceVersionDate "2011.11.26"]
[SourceQuality "1"]

1. e4 d6 2. d4 g6 3. Nc3 Bg7 4. Be3 Nf6 5. f3 O-O 6. Qd2 Nbd7 7. O-O-O e5 8. Nge2 b6 9. Bh6 Ba6 10. Bxg7 Kxg7 11. h4 h5 12. g4 Re8 13. gxh5 Nxh5 14. Bh3 Ndf6 15. Rdg1 Bc4 16. Qg5 Kh7 17. b3 Bxe2 18. Nxe2 Ng8 19. Bf5 Qxg5+ 20. hxg5 Kg7 21. Rxh5 gxh5 22. dxe5 Ne7 23. Ng3 Rh8 24. exd6 cxd6 25. Bh3 h4 26. Ne2 Rae8 27. Rd1 Rd8 28. Nd4 a6 29. c4 Rhe8 30. Kd2 Kg6 31. Rg1 f6 32. Ne6 f5 33. exf5+ Kf7 34. Nxd8+ Rxd8 35. Rg4 1-0